000 00606nam a2200241Ia 4500
003 OSt
005 20220912151603.0
006 a|||||r|||| 00| 0
007 ta
008 220909b |||||||| |||| 00| 0 eng d
024 _a55418
037 _cTextual
040 _aCSL
_beng
_cCSL
041 _aeng
082 _aL:(G:55), P0
100 _aMoller Lennart Ed.
245 0 _aEnvironmental medicine
260 _aSweden
_bFalth & Hassler
_c2000
300 _a327p.
_ccm.
650 _aMedicine
942 _hL:(G:55), P0
_cTEXL
_2CC
999 _c71980
_d71980